000 00344 a2200157 4500
001 154947
040 _cEscola São Tomás de Aquino
100 _aRUDEK, Roseni
240 1 0 _aGeografia
_lpor
245 1 0 _aGeografia
300 _a160
362 0 _a2014
440 1 _aEditora do Brasil
697 _aGEOGRAFIA GERAL / VIAGENS
942 _cBK
999 _c154947
_d154947